Sectas judaicas / (Record no. 30217)
[ view plain ]
| 000 -CABECERA | |
|---|---|
| campo de control de longitud fija | 00836nam a2200229 a 4500 |
| 001 - NÚMERO DE CONTROL | |
| campo de control | 000030725 |
| 005 - FECHA Y HORA DE LA ÚLTIMA TRANSACCIÓN | |
| campo de control | 20200930062456.0 |
| 008 - DATOS DE LONGITUD FIJA--INFORMACIÓN GENERAL | |
| campo de control de longitud fija | 110526s2010 dr a 000 0 spa d |
| 040 ## - FUENTE DE LA CATALOGACIÓN | |
| Centro catalogador/agencia de origen | DO-SdBNP |
| Lengua de catalogación | spa |
| Centro/agencia transcriptor | BNPHU |
| 082 ## - NÚMERO DE LA CLASIFICACIÓN DECIMAL DEWEY | |
| Número de clasificación | 296.8 |
| Número de documento/Ítem | G934s |
| 100 1# - ENTRADA PRINCIPAL--NOMBRE DE PERSONA | |
| Nombre de persona | Guerrero, Sandry S. |
| 9 (RLIN) | 57303 |
| 245 10 - MENCIÓN DE TÍTULO | |
| Título | Sectas judaicas / |
| Mención de responsabilidad, etc. | Sandry Sierra Gerrero. |
| 260 ## - PUBLICACIÓN, DISTRIBUCIÓN, ETC. | |
| Lugar de publicación, distribución, etc. | [Santo Domingo : |
| Nombre del editor, distribuidor, etc. | s.n., |
| Fecha de publicación, distribución, etc. | 2010.]. |
| 300 ## - DESCRIPCIÓN FÍSICA | |
| Extensión | v. ; |
| Dimensiones | 21 cm. |
| 505 0# - NOTA DE CONTENIDO CON FORMATO | |
| Información miscelánea | Introducción -- |
| Título | Fariseos -- |
| -- | Esenios -- |
| -- | Saduceos -- |
| -- | Zelotes -- |
| -- | Macabeos -- |
| -- | Herodianos -- |
| -- | Escribas -- |
| -- | Sanedrín -- |
| -- | El reino de Cristo -- |
| Información miscelánea | Bibliografía. |
| 590 ## - NOTA LOCAL (RLIN) | |
| Nota local | Inventariado, 2018/VM |
| 500 ## - NOTA GENERAL | |
| Nota general | La biblioteca posee el v. 1. |
| 504 ## - NOTA DE BIBLIOGRAFÍA, ETC. | |
| Nota de bibliografía, etc. | Bibliografía: p. 161-168. |
| 650 #4 - PUNTO DE ACCESO ADICIONAL DE MATERIA--TÉRMINO DE MATERIA | |
| Término de materia o nombre geográfico como elemento de entrada | Sectas judías |
| Subdivisión general | Historia |
| 9 (RLIN) | 57304 |
| 650 #4 - PUNTO DE ACCESO ADICIONAL DE MATERIA--TÉRMINO DE MATERIA | |
| Término de materia o nombre geográfico como elemento de entrada | Judaismo |
| 9 (RLIN) | 24148 |
| 910 ## - DATOS DE OPCIÓN DEL USUARIO (OCLC) | |
| Datos de opción del usuario | Validado. Control de calidad EMS |
| Estado de retiro | Estado de pérdida | Restricciones de uso | No para préstamo | Código de colección | Localización permanente | Ubicación/localización actual | Ubicación en estantería | Fecha de adquisición | Número de inventario | Total de préstamos | Signatura topográfica completa | Código de barras | Fecha visto por última vez | Precio válido a partir de | Tipo de ítem Koha | Nota pública |
|---|---|---|---|---|---|---|---|---|---|---|---|---|---|---|---|---|
| Patrimonio Dominicano | General | General | Depósito | 26.05.2011 | LF1 | 296.8 G934s | v. 1, e. 3 | 30725-30 | 25.06.2020 | 25.06.2020 | Libro y Folleto Colección Patrimonio Dominicano | ||||||
| Excluido de préstamo | Patrimonio Dominicano | Patrimonio Dominicano | Patrimonio Dominicano | Depósito | 26.05.2011 | LF1 | 296.8 G934s | v. 1 | 30725-10 | 25.06.2020 | 25.06.2020 | Libro y Folleto Colección Patrimonio Dominicano | Dedicado por el autor a la BNPHU | ||||
| Excluido de préstamo | Patrimonio Dominicano | Patrimonio Dominicano | Patrimonio Dominicano | Depósito | 26.05.2011 | LF1 | 296.8 G934s | v. 1, e. 2 | 30725-20 | 25.06.2020 | 25.06.2020 | Libro y Folleto Colección Patrimonio Dominicano |
